Normal view
MARC view
- National University of Sciences & Technology Rawalpindi
Entry Topical Term
001 - CONTROL NUMBER
- control field: 48443
003 - CONTROL NUMBER IDENTIFIER
- control field: NUST
005 - DATE AND TIME OF LATEST TRANSACTION
- control field: 20210314134043.0
008 - FIXED-LENGTH DATA ELEMENTS
- fixed length control field: 210314|| aca||aabn | a|a d
040 ## - CATALOGING SOURCE
- Original cataloging agency: NUST
- Transcribing agency: NUST
150 ## - HEADING--TOPICAL TERM
- Topical term or geographic name entry element: National University of Sciences & Technology Rawalpindi
670 ## - SOURCE DATA FOUND
- Source citation: Work cat.: (NUST): Ahmad Saeed Rehmani, Captain 48442, An Experimental Laboratory Study on Utility of Reclaimed Asphalt Pavement in Recycled Flexible Pavement Mix Design , 16-07-2000
